000 01237cab a2200265 4500
001 ABS45923
008 090401t xxu||||| |||| 00| 0 eng d
035 _a(Sirsi) u55916
041 _aeng
100 _aSaward, J.
245 _aRent review: variations by reference to the Retail Prices Index
260 _c12(2) Winter 1991/92, 109-114(6)
350 _a0
490 _aRent Review & Lease Renewal
_v12(2) Winter 1991/92, 109-114(6)
520 _aDiscusses the rent review provisions in commercial leases where the rent is adjusted in line with changes in the RPI. Looks at the pitfalls of this method compared with institutional rent review provisions which provide for rent increase to be in line with open market rental values. Pays particular attention to `Blue Dolphin leases` which are drafted so that the rents on review escalate beyond the usual RPI multiplier.
650 _aBLUE DOLPHIN (FISH RESTAURANTS) LTD
650 _aBLUE DOLPHIN LEASES
650 _aINDEXATION PROVISIONS
650 _aRENT REVIEWS
650 _aALL ITEMS RETAIL PRICES INDEX
650 _aWYNDHAM INVESTMENTS LTD V MOTORWAY TYRES & ACCESSORIES LTD
690 _aLANDLORD AND TENANT-RENT REVIEWS
942 _n0
948 _c04/03/1997
999 _c34170
_d34170